[Event "EU-ch Online U2300 Final"]
[Site "Chess.com INT"]
[Date "2020.05.26"]
[Round "4"]
[White "Lund, Terje"]
[Black "Hakobyan, Hakob V"]
[Result "0-1"]
[WhiteElo "2104"]
[BlackElo "2070"]
[PlyCount "52"]
[EventDate "2020.05.26"]
[EventType "swiss"]
[EventRounds "8"]
[EventCountry "NET"]
[SourceTitle "CBM 196 Extra"]
[Source "ChessBase"]
[SourceDate "2020.07.31"]
[SourceVersion "1"]
[SourceVersionDate "2020.07.31"]
[SourceQuality "1"]

1. d4 d5 2. c4 c6 3. Nf3 Nf6 4. e3 g6 5. Nc3 Bg7 6. Bd3 0-0 7. 0-0 Bg4 8. h3 Bxf3 9. Qxf3 e6 10. Rd1 Nbd7 11. e4 dxe4 12. Nxe4 Nxe4 13. Bxe4 e5 14. dxe5 Nxe5 15. Qe2 Qe7 16. Bf4 Rfe8 17. Bc2 Qb4 18. Bb3 a5 19. Bd2 Qe7 20. Bc3 a4 21. Bc2 Qc5 22. Bxe5 Bxe5 23. Qd3 Bxb2 24. Rab1 a3 25. Bb3 Kg7 26. Qd6 Re1+ 0-1

[Event "EU-ch Online U2300 Final"]
[Site "Chess.com INT"]
[Date "2020.05.26"]
[Round "7"]
[White "Lund, Terje"]
[Black "Vanek, Tomas"]
[Result "0-1"]
[WhiteElo "2104"]
[BlackElo "2080"]
[PlyCount "58"]
[EventDate "2020.05.26"]
[EventType "swiss"]
[EventRounds "8"]
[EventCountry "NET"]
[SourceTitle "CBM 196 Extra"]
[Source "ChessBase"]
[SourceDate "2020.07.31"]
[SourceVersion "1"]
[SourceVersionDate "2020.07.31"]
[SourceQuality "1"]

1. d4 f5 2. Nf3 Nf6 3. c4 g6 4. g3 Bg7 5. Bg2 0-0 6. 0-0 d6 7. Nc3 c6 8. Qc2 Na6 9. a3 Nc7 10. e4 fxe4 11. Nxe4 Bf5 12. Nxf6+ exf6 13. Qb3 Rb8 14. Be3 Be4 15. Rfe1 d5 16. Nd2 Bxg2 17. Kxg2 g5 18. f4 h6 19. Bf2 dxc4 20. Nxc4 Qd5+ 21. Kg1 Rfe8 22. Rxe8+ Rxe8 23. Qxb7 Ne6 24. Ne3 Qe4 25. Rd1 gxf4 26. Nc4 Ng5 27. Nd6 Nh3+ 28. Kf1 Qh1+ 29. Bg1 Qxg1# 0-1

[Event "EU-ch Online U2300 Qual"]
[Site "Chess.com INT"]
[Date "2020.05.25"]
[Round "3"]
[White "Berke, Ana"]
[Black "Lund, Terje"]
[Result "0-1"]
[WhiteElo "2090"]
[BlackElo "2104"]
[PlyCount "210"]
[EventDate "2020.05.25"]
[EventType "swiss"]
[EventRounds "8"]
[EventCountry "NET"]
[SourceTitle "EXT 2021"]
[Source "ChessBase"]
[SourceDate "2020.10.23"]
[SourceVersion "1"]
[SourceVersionDate "2020.10.23"]
[SourceQuality "1"]

1. e4 c6 2. d4 d5 3. exd5 cxd5 4. c4 Nf6 5. Nc3 e6 6. Nf3 Bb4 7. cxd5 Nxd5 8. Bd2 0-0 9. Bd3 Nc6 10. 0-0 Be7 11. Re1 Bf6 12. Nxd5 Qxd5 13. Bc3 Rd8 14. Be4 Qd6 15. Ne5 Nxd4 16. Ng4 e5 17. Nxf6+ Qxf6 18. Qh5 h6 19. h4 Bf5 20. Bxb7 Rab8 21. Be4 Be6 22. a3 Bb3 23. Rac1 Re8 24. Qg4 Be6 25. Qh5 Bb3 26. Bb1 Rbd8 27. Qg4 Be6 28. Qg3 Bf5 29. h5 Bxb1 30. Rxb1 Qf5 31. Bxd4 exd4 32. Red1 Qxh5 33. b4 Qb5 34. Qd3 a6 35. Qb3 d3 36. a4 Qf5 37. b5 Re2 38. Rf1 axb5 39. axb5 Rb8 40. b6 Re6 41. b7 Re7 42. Qa4 Qd5 43. Rfd1 Rexb7 44. Rxb7 Rxb7 45. Qe8+ Kh7 46. Qe3 Rd7 47. Rd2 Qd4 48. Qf3 g6 49. g3 h5 50. Kg2 Kg7 51. Qd1 Qe4+ 52. f3 Qe3 53. Kf1 Kh7 54. Kg2 g5 55. Kh3 Rd4 56. f4 g4+ 57. Kg2 Kh6 58. Kh2 h4 59. gxh4 Qh3+ 60. Kg1 Qg3+ 61. Kh1 Qh3+ 62. Kg1 f5 63. h5 Qe3+ 64. Kh1 Qxf4 65. Qc1 Kg5 66. h6 Qf3+ 67. Kg1 f4 68. h7 Rd8 69. Qc5+ Kh4 70. Rh2+ Kg3 71. Qf2+ Qxf2+ 72. Rxf2 Rh8 73. Rg2+ Kf3 74. Rh2 g3 75. Rh6 d2 76. Rd6 Ke2 77. Re6+ Kd3 78. Rd6+ Kc3 79. Rc6+ Kb2 80. Rd6 Kc1 81. Rc6+ Kd1 82. Rc7 f3 83. Rf7 Ke2 84. Re7+ Kd3 85. Rd7+ Ke4 86. Re7+ Kd5 87. Rd7+ Ke6 88. Rxd2 Rxh7 89. Rd4 Ke5 90. Ra4 Rf7 91. Ra5+ Kd4 92. Ra4+ Kc5 93. Ra1 Kc4 94. Ra4+ Kb3 95. Ra1 Rc7 96. Rf1 Rc3 97. Rb1+ Kc2 98. Ra1 Kd2 99. Ra2+ Rc2 100. Ra1 Rc1+ 101. Rxc1 Kxc1 102. Kf1 Kd2 103. Kg1 Ke2 104. Kh1 f2 105. Kg2 f1Q+ 0-1

[Event "EU-ch Online U2300 Qual"]
[Site "Chess.com INT"]
[Date "2020.05.25"]
[Round "2"]
[White "Lund, Terje"]
[Black "Exler, Veronika"]
[Result "0-1"]
[WhiteElo "2104"]
[BlackElo "2155"]
[PlyCount "62"]
[EventDate "2020.05.25"]
[EventType "swiss"]
[EventRounds "8"]
[EventCountry "NET"]
[SourceTitle "EXT 2021"]
[Source "ChessBase"]
[SourceDate "2020.10.23"]
[SourceVersion "1"]
[SourceVersionDate "2020.10.23"]
[SourceQuality "1"]

1. d4 d5 2. c4 e6 3. Nc3 Bb4 4. Nf3 Nf6 5. Bg5 h6 6. Bh4 g5 7. Bg3 Ne4 8. Rc1 h5 9. h3 Bxc3+ 10. bxc3 Nxg3 11. fxg3 Qd6 12. Kf2 h4 13. gxh4 gxh4 14. e3 Nd7 15. cxd5 exd5 16. c4 Nf6 17. Bd3 Qg3+ 18. Kf1 Rg8 19. Qe2 Ne4 20. Bxe4 dxe4 21. Ne5 Rg5 22. Kg1 Bxh3 23. Rh2 f6 24. Kh1 Bf5 25. Qb2 h3 26. Qb3 fxe5 27. dxe5 0-0-0 28. Rb1 hxg2+ 29. Kg1 Qxh2+ 30. Kxh2 g1Q+ 31. Rxg1 Rh8# 0-1

[Event "EU-ch Online U2300 Qual"]
[Site "Chess.com INT"]
[Date "2020.05.25"]
[Round "4"]
[White "Lund, Terje"]
[Black "Josse, Mark"]
[Result "1-0"]
[WhiteElo "2104"]
[BlackElo "2235"]
[PlyCount "77"]
[EventDate "2020.05.25"]
[EventType "swiss"]
[EventRounds "8"]
[EventCountry "NET"]
[SourceTitle "EXT 2021"]
[Source "ChessBase"]
[SourceDate "2020.10.23"]
[SourceVersion "1"]
[SourceVersionDate "2020.10.23"]
[SourceQuality "1"]

1. d4 Nf6 2. c4 e6 3. Nf3 b6 4. a3 Bb7 5. Nc3 d5 6. cxd5 Nxd5 7. Qc2 c5 8. e4 Nxc3 9. bxc3 Be7 10. Bd3 0-0 11. 0-0 Nc6 12. Qe2 cxd4 13. cxd4 Nxd4 14. Nxd4 Qxd4 15. Bb2 Qa4 16. f4 Rfd8 17. Rf3 f5 18. Rg3 Bf8 19. exf5 exf5 20. Qe6+ Kh8 21. Qxf5 Rxd3 22. Qxd3 Re8 23. Kh1 Qa5 24. h3 Be4 25. Qc3 Qxc3 26. Bxc3 Rc8 27. Rc1 Kg8 28. Bb2 Rxc1+ 29. Bxc1 g6 30. Rc3 Bd6 31. Kg1 Kf7 32. Kf2 Ke6 33. Be3 h5 34. g4 hxg4 35. hxg4 Kd5 36. a4 Bb4 37. Rc8 Kd6 38. Rd8+ Ke6 39. Rd4 1-0

[Event "Kragero op"]
[Site "Kragero"]
[Date "2020.02.21"]
[Round "6"]
[White "Lund, Terje"]
[Black "Storme, Isak"]
[Result "0-1"]
[WhiteElo "2086"]
[BlackElo "2314"]
[PlyCount "128"]
[EventDate "2020.02.19"]
[EventType "swiss"]
[EventRounds "9"]
[EventCountry "NOR"]
[SourceTitle "CBM 195 Extra"]
[Source "ChessBase"]
[SourceDate "2020.05.31"]
[SourceVersion "1"]
[SourceVersionDate "2020.05.31"]
[SourceQuality "1"]

1. d4 Nf6 2. Nf3 e6 3. c4 d5 4. Nc3 Bb4 5. e3 0-0 6. Bd3 b6 7. cxd5 exd5 8. Qc2 Bb7 9. 0-0 a6 10. Ne2 Ne4 11. Ne5 f6 12. Nf3 Bd6 13. Ng3 f5 14. Ne5 Qe7 15. f4 c5 16. Bxe4 fxe4 17. Qb3 b5 18. dxc5 Bxe5 19. fxe5 Rxf1+ 20. Kxf1 Nd7 21. Bd2 Nxc5 22. Qa3 a5 23. Bxa5 d4 24. exd4 Qf7+ 25. Kg1 Nd3 26. Rf1 Qd5 27. Nf5 Kh8 28. Qe7 Rg8 29. Qd6 Qxa2 30. Bd2 e3 31. Bxe3 Qxb2 32. d5 Qa2 33. Bh6 Qa7+ 34. Be3 Qa2 35. Ne7 Qe2 36. Bd4 Qe4 37. Bb6 Nf4 38. Rxf4 Qxf4 39. Nxg8 Qc1+ 40. Kf2 Qd2+ 41. Kg3 Bxd5 42. Nf6 Qxg2+ 43. Kh4 Qxh2+ 44. Kg4 Qg2+ 45. Kh4 gxf6 46. Qxf6+ Qg7 47. Qd8+ Qg8 48. Qf6+ Qg7 49. Qd8+ Bg8 50. Bd4 Qh6+ 51. Kg3 Qe6 52. Kh4 h6 53. Qf6+ Kh7 54. Qf4 b4 55. Qe4+ Kh8 56. Bb2 b3 57. Qf4 Kh7 58. Qe4+ Qg6 59. Qd4 Be6 60. Qa7+ Qf7 61. Qe3 Qe7+ 62. Kh5 Qf7+ 63. Kh4 Qf5 64. Qg3 Qe4+ 0-1

[Event "Hell op"]
[Site "Hell"]
[Date "2019.08.07"]
[Round "6"]
[White "Kolas, Tore"]
[Black "Lund, Terje"]
[Result "0-1"]
[WhiteElo "2125"]
[BlackElo "2087"]
[PlyCount "80"]
[EventDate "2019.08.03"]
[EventType "swiss"]
[EventRounds "10"]
[EventCountry "NOR"]
[SourceTitle "CBM 191 Extra"]
[Source "ChessBase"]
[SourceDate "2019.09.30"]
[SourceVersion "1"]
[SourceVersionDate "2019.09.30"]
[SourceQuality "1"]

1. e4 c6 2. d4 d5 3. e5 c5 4. dxc5 e6 5. a3 Bxc5 6. Nf3 a5 7. Bd3 Nc6 8. 0-0 f6 9. Qe2 fxe5 10. Nxe5 Nf6 11. Nd2 Nxe5 12. Qxe5 0-0 13. Nf3 Qb6 14. Be3 Bd7 15. Bxc5 Qxc5 16. Rae1 Rae8 17. Qe2 Rb8 18. Ne5 Be8 19. Rb1 a4 20. Rfd1 Rc8 21. c3 Qb6 22. h3 Rc7 23. Rd2 Nh5 24. Qe3 Qd6 25. g3 g6 26. Re1 Ng7 27. Ng4 Kh8 28. Rde2 Rcf7 29. Qd4 Rf3 30. Ne5 R3f6 31. Kg2 h5 32. h4 Kh7 33. f4 Nf5 34. Qa7 Bc6 35. Nf3 Nxg3 36. Ng5+ Kg8 37. Re5 Nf5 38. Nxe6 Nxh4+ 39. Kg3 Rxe6 40. Kxh4 Rxf4+ 0-1

[Event "Hell op"]
[Site "Hell"]
[Date "2019.08.04"]
[Round "2"]
[White "Ji, Jiahao Eric"]
[Black "Lund, Terje"]
[Result "0-1"]
[WhiteElo "1605"]
[BlackElo "2087"]
[PlyCount "50"]
[EventDate "2019.08.03"]
[EventType "swiss"]
[EventRounds "10"]
[EventCountry "NOR"]
[SourceTitle "CBM 191 Extra"]
[Source "ChessBase"]
[SourceDate "2019.09.30"]
[SourceVersion "1"]
[SourceVersionDate "2019.09.30"]
[SourceQuality "1"]

1. e4 c6 2. d4 d5 3. exd5 cxd5 4. Bd3 Nc6 5. c3 Qc7 6. Ne2 Bg4 7. f3 Bd7 8. Bf4 e5 9. dxe5 Nxe5 10. Bc2 Nf6 11. 0-0 Bd6 12. Re1 0-0 13. Nd2 Nxf3+ 14. Nxf3 Bxf4 15. Nxf4 Qxf4 16. h3 Qg3 17. Re5 Bxh3 18. Rg5 Bg4 19. Qd3 h6 20. Rxg4 Qxg4 21. Rf1 Rfe8 22. Nh2 Qe4 23. Qd1 Qe3+ 24. Kh1 Re5 25. g4 Rae8 0-1

[Event "Kragero op"]
[Site "Kragero"]
[Date "2019.02.20"]
[Round "1"]
[White "Castellanos Rodriguez, Renier"]
[Black "Lund, Terje"]
[Result "1-0"]
[WhiteElo "2505"]
[BlackElo "2099"]
[PlyCount "71"]
[EventDate "2019.02.20"]
[EventType "swiss"]
[EventRounds "9"]
[EventCountry "NOR"]
[SourceTitle "CBM 189 Extra"]
[Source "ChessBase"]
[SourceDate "2019.06.03"]
[SourceVersion "1"]
[SourceVersionDate "2019.06.03"]
[SourceQuality "1"]

1. e4 Nf6 2. e5 Nd5 3. d4 d6 4. Nf3 dxe5 5. Nxe5 c6 6. Be2 Bf5 7. 0-0 Nd7 8. Nf3 e6 9. c4 N5b6 10. Nc3 Be7 11. Bf4 0-0 12. h3 Nf6 13. g4 Bg6 14. Ne5 c5 15. dxc5 Bxc5 16. Qxd8 Raxd8 17. Rac1 Ne4 18. Nxg6 Nxc3 19. Rxc3 hxg6 20. a3 e5 21. Bc1 f5 22. Kg2 Nd7 23. b4 Bd4 24. Rc2 e4 25. Rd1 Nf6 26. Rcd2 Bb6 27. c5 Bc7 28. g5 Rxd2 29. Rxd2 Bf4 30. Bc4+ Kh7 31. gxf6 Bxd2 32. fxg7 Kxg7 33. Bxd2 Rd8 34. Bf4 Rd1 35. b5 Kf6 36. c6 1-0

[Event "Ostersund Hurtigfeiden op"]
[Site "Ostersund"]
[Date "2018.08.26"]
[Round "4"]
[White "Lund, Terje"]
[Black "Monsoy, Arild Edin"]
[Result "1/2-1/2"]
[WhiteElo "2102"]
[BlackElo "1953"]
[PlyCount "60"]
[EventDate "2018.08.26"]
[EventType "swiss"]
[EventRounds "7"]
[EventCountry "SWE"]
[SourceTitle "CBM 186 Extra"]
[Source "ChessBase"]
[SourceDate "2018.08.24"]
[SourceVersion "1"]
[SourceVersionDate "2018.08.24"]
[SourceQuality "1"]

1. e4 c5 2. d4 cxd4 3. c3 dxc3 4. Nxc3 Nc6 5. Bc4 d6 6. Nf3 e6 7. Qe2 Nf6 8. 0-0 Be7 9. Rd1 e5 10. Bb5 Bd7 11. Bg5 a6 12. Bxc6 bxc6 13. Qd3 Bg4 14. Bxf6 gxf6 15. Rd2 Qb6 16. Nh4 Rd8 17. Rc1 Be6 18. Qg3 Bf8 19. Kh1 Bh6 20. Rcd1 Bxd2 21. Rxd2 Ke7 22. f4 Rhg8 23. Qd3 Rg4 24. f5 Rxh4 25. fxe6 fxe6 26. Qg3 Rf4 27. Qg7+ Ke8 28. Qg8+ Kd7 29. Qf7+ Kc8 30. Qxe6+ Kc7 1/2-1/2

[Event "Ostersund Hurtigfeiden op"]
[Site "Ostersund"]
[Date "2018.08.26"]
[Round "5"]
[White "Oye Stromberg, Alexander"]
[Black "Lund, Terje"]
[Result "0-1"]
[WhiteElo "1707"]
[BlackElo "2102"]
[PlyCount "78"]
[EventDate "2018.08.26"]
[EventType "swiss"]
[EventRounds "7"]
[EventCountry "SWE"]
[SourceTitle "CBM 186 Extra"]
[Source "ChessBase"]
[SourceDate "2018.08.24"]
[SourceVersion "1"]
[SourceVersionDate "2018.08.24"]
[SourceQuality "1"]

1. e4 Nf6 2. Nc3 d5 3. exd5 Nxd5 4. Bc4 e6 5. Qf3 Nb6 6. Bb3 Nc6 7. Nge2 Be7 8. d3 0-0 9. Qg3 Bh4 10. Qf3 Na5 11. 0-0 Nxb3 12. axb3 e5 13. Be3 Re8 14. Rfd1 f5 15. g3 Bf6 16. Ra5 c6 17. Rda1 a6 18. b4 Be6 19. b5 e4 20. dxe4 Nc4 21. R5a2 Nxe3 22. fxe3 Bxa2 23. Rxa2 fxe4 24. Nxe4 cxb5 25. Nxf6+ Qxf6 26. Qxb7 Rf8 27. Nf4 g5 28. Qd5+ Kh8 29. Ra1 gxf4 30. exf4 Rfd8 31. Qf3 Qd4+ 32. Kf1 a5 33. Re1 a4 34. Kg2 Qd5 35. Re4 Qc5 36. Kh3 b4 37. Re5 Qxc2 38. Qb7 Qc8+ 39. Qxc8 Rdxc8 0-1

[Event "NOR-chT Club"]
[Site "Kristiansund"]
[Date "2017.10.21"]
[Round "4.11"]
[White "Lund, Terje"]
[Black "Al Tarbosh, Ward"]
[Result "1/2-1/2"]
[WhiteElo "2101"]
[BlackElo "2270"]
[PlyCount "80"]
[EventDate "2017.10.20"]
[EventType "team-tourn"]
[EventRounds "6"]
[EventCountry "NOR"]
[SourceTitle "CBM 181 Extra"]
[Source "ChessBase"]
[SourceDate "2017.12.12"]
[SourceVersion "1"]
[SourceVersionDate "2017.12.12"]
[SourceQuality "1"]
[WhiteTeam "Levanger"]
[BlackTeam "OSS"]
[WhiteTeamCountry "NOR"]
[BlackTeamCountry "NOR"]

1. Nf3 d5 2. g3 Nf6 3. Bg2 c6 4. 0-0 Bf5 5. b3 Nbd7 6. Bb2 h6 7. d3 e6 8. Nbd2 Bh7 9. Re1 Be7 10. e4 0-0 11. Qe2 Qc7 12. Bh3 dxe4 13. dxe4 Nc5 14. e5 Nfe4 15. Nc4 Rad8 16. Bg2 b5 17. Ne3 b4 18. Rad1 Nc3 19. Bxc3 bxc3 20. Qc4 Rxd1 21. Rxd1 Rd8 22. Rxd8+ Qxd8 23. Qxc3 Be4 24. Qd4 Qc7 25. Nd2 Bxg2 26. Kxg2 Nd7 27. Nec4 Bc5 28. Qe4 Nb6 29. Nxb6 Qxb6 30. Nc4 Qc7 31. Qd3 Be7 32. c3 c5 33. f3 Qc6 34. Kf2 Qa6 35. a3 Qb5 36. Qd1 f6 37. a4 Qb7 38. Ke3 fxe5 39. Nxe5 Bf6 40. Qd7 Qxb3 1/2-1/2

[Event "Oslo Sveins op 10th"]
[Site "Oslo"]
[Date "2017.06.24"]
[Round "2"]
[White "Lund, Terje"]
[Black "Hoi, Carsten"]
[Result "0-1"]
[WhiteElo "2095"]
[BlackElo "2359"]
[PlyCount "74"]
[EventDate "2017.06.23"]
[EventType "swiss"]
[EventRounds "9"]
[EventCountry "NOR"]
[SourceTitle "CBM 179 Extra"]
[Source "ChessBase"]
[SourceDate "2017.08.23"]
[SourceVersion "1"]
[SourceVersionDate "2017.08.23"]
[SourceQuality "1"]

1. d4 g6 2. g3 Bg7 3. Bg2 Nf6 4. Nf3 0-0 5. c4 d6 6. 0-0 c6 7. Nc3 Bf5 8. Ne1 e5 9. dxe5 dxe5 10. Nf3 Qc7 11. Bg5 h6 12. Bd2 Na6 13. Qc1 Kh7 14. Nh4 Be6 15. b3 Rad8 16. h3 Nd7 17. f4 f5 18. e4 Ndc5 19. exf5 gxf5 20. Qe1 Nb4 21. Qe2 Nc2 22. Rad1 Nd4 23. Qf2 e4 24. Be3 Nd3 25. Qd2 Nb4 26. Nb5 cxb5 27. Qxb4 bxc4 28. g4 a5 29. Qe1 Nc2 30. Qf2 Nxe3 31. Qxe3 Rxd1 32. Rxd1 Rd8 33. Rxd8 Qxd8 34. Qe1 c3 35. gxf5 c2 36. Bxe4 Qd1 37. fxe6+ Kg8 0-1

[Event "Oslo op"]
[Site "Fornebu"]
[Date "2016.10.05"]
[Round "8"]
[White "Kvendseth, Cornelius"]
[Black "Lund, Terje"]
[Result "0-1"]
[WhiteElo "1879"]
[BlackElo "2103"]
[PlyCount "44"]
[EventDate "2016.09.30"]
[EventType "swiss"]
[EventRounds "9"]
[EventCountry "NOR"]
[SourceTitle "EXT 2017"]
[Source "ChessBase"]
[SourceDate "2016.10.25"]
[SourceVersion "1"]
[SourceVersionDate "2016.10.25"]
[SourceQuality "1"]

1. Nf3 e6 2. d4 Nf6 3. g3 b5 4. Bg2 Bb7 5. 0-0 c5 6. c3 d5 7. a4 b4 8. dxc5 bxc3 9. Nxc3 Bxc5 10. Bf4 0-0 11. Qb3 Qb6 12. Qxb6 axb6 13. Rfb1 Nc6 14. Ne5 Nxe5 15. Bxe5 Ng4 16. Bf4 Nxf2 17. Kf1 Ng4 18. h3 Ne3+ 19. Bxe3 Bxe3 20. Ra3 Bd4 21. Nd1 Bc6 22. Rd3 Rxa4 0-1

[Event "Ostersund Hurtigfeiden op"]
[Site "Ostersund"]
[Date "2016.09.11"]
[Round "4"]
[White "Lund, Terje"]
[Black "Hjorth, Gunnar"]
[Result "0-1"]
[WhiteElo "2053"]
[BlackElo "2229"]
[PlyCount "82"]
[EventDate "2016.09.11"]
[EventType "swiss"]
[EventRounds "7"]
[EventCountry "SWE"]
[SourceTitle "CBM 174 Extra"]
[Source "ChessBase"]
[SourceDate "2016.10.10"]
[SourceVersion "1"]
[SourceVersionDate "2016.10.10"]
[SourceQuality "1"]

1. d4 Nf6 2. Nf3 g6 3. g3 Bg7 4. Bg2 0-0 5. 0-0 d6 6. c4 Nc6 7. Nc3 a6 8. h3 Rb8 9. e4 Nd7 10. Be3 e5 11. d5 Ne7 12. b4 h6 13. Qd2 Kh7 14. c5 f5 15. Rac1 Nf6 16. cxd6 cxd6 17. Nh4 Bd7 18. exf5 gxf5 19. f4 e4 20. g4 fxg4 21. Nxe4 gxh3 22. Nxf6+ Bxf6 23. Be4+ Kh8 24. Bd4 Rg8+ 25. Kh1 Qf8 26. Rg1 Rg7 27. Rxg7 Qxg7 28. Rg1 Bxd4 29. Rxg7 Bxg7 30. f5 Rf8 31. Qf4 Rf6 32. Qc1 Nxf5 33. Nxf5 Bxf5 34. Bxf5 Rxf5 35. Qc8+ Rf8 36. Qxb7 Be5 37. Qxa6 Rg8 38. Qf1 h2 39. a4 Rg1+ 40. Qxg1 hxg1Q+ 41. Kxg1 Bc3 0-1

[Event "Ostersund Hurtigfeiden op"]
[Site "Ostersund"]
[Date "2016.09.11"]
[Round "3"]
[White "Naessvold, Kjell"]
[Black "Lund, Terje"]
[Result "0-1"]
[WhiteElo "1949"]
[BlackElo "2053"]
[PlyCount "42"]
[EventDate "2016.09.11"]
[EventType "swiss"]
[EventRounds "7"]
[EventCountry "SWE"]
[SourceTitle "CBM 174 Extra"]
[Source "ChessBase"]
[SourceDate "2016.10.10"]
[SourceVersion "1"]
[SourceVersionDate "2016.10.10"]
[SourceQuality "1"]

1. e4 Nf6 2. e5 Nd5 3. d4 d6 4. c4 Nb6 5. Nf3 Bg4 6. Bf4 dxe5 7. Bxe5 Nc6 8. Nc3 e6 9. c5 Bxf3 10. gxf3 Nxe5 11. cxb6 Qxd4 12. bxc7 Qc5 13. Bb5+ Nc6 14. Qa4 Rc8 15. 0-0 Rxc7 16. Ne4 Qb6 17. Rac1 Be7 18. b4 0-0 19. Rc3 Nd4 20. Rxc7 Qxc7 21. Qxa7 Nxb5 0-1

[Event "NOR-ch Class1"]
[Site "Lillehammer"]
[Date "2013.06.29"]
[Round "2"]
[White "Lund, Terje"]
[Black "Snellingen, Jorn"]
[Result "0-1"]
[WhiteElo "2026"]
[BlackElo "1996"]
[PlyCount "106"]
[EventDate "2013.06.29"]
[EventType "swiss"]
[EventRounds "9"]
[EventCountry "NOR"]
[SourceTitle "EXT 2015"]
[Source "ChessBase"]
[SourceDate "2014.11.20"]
[SourceVersion "1"]
[SourceVersionDate "2014.11.20"]
[SourceQuality "1"]

1. d4 Nc6 2. d5 Ne5 3. e4 e6 4. Bf4 Ng6 5. Bg3 Nf6 6. Bd3 Bc5 7. Nc3 a6 8. h4 h5 9. Nf3 d6 10. dxe6 Bxe6 11. Ng5 Ne5 12. Nxe6 Nxd3+ 13. cxd3 fxe6 14. Qb3 Qc8 15. d4 Ba7 16. e5 dxe5 17. dxe5 Ng4 18. Ne4 0-0 19. 0-0 Nh6 20. Ng5 Re8 21. Qf3 Rf8 22. Qxh5 Qe8 23. Qxe8 Raxe8 24. Rad1 Nf5 25. Kh2 Bd4 26. Rfe1 c5 27. b3 Nxg3 28. fxg3 Rf2 29. a4 Rb2 30. Rb1 b5 31. Rxb2 Bxb2 32. Re2 Bc1 33. Ne4 Rc8 34. Rc2 Be3 35. g4 c4 36. axb5 axb5 37. Nd6 Rc5 38. bxc4 Bf4+ 39. Kh3 b4 40. Ne4 b3 41. Rf2 Rxc4 42. g3 Bxe5 43. Nd2 Rc3 44. Nf1 Rc2 45. Rf3 Bc3 46. Nd2 Bxd2 47. Rxb3 Rc3 48. Rb8+ Kh7 49. Re8 Bf4 50. h5 Rxg3+ 51. Kh4 Rg2 52. g5 Bxg5+ 53. Kh3 Re2 0-1